[Event "Ch Europe (for the Blind)"]
[Site "masterchessopen.com - Rhodes (Greece)"]
[Date "2011.09.06"]
[Round "1"]
[White "Mueller Oliver (GER)"]
[Black "Dima Mihai (ROM)"]
[Result "1/2-1/2"]
[WhiteElo "2331"]
[BlackElo "1948"]

1.d4 Nf6 2.c4 e6 3.Nf3 c5 4.d5 exd5 5.cxd5 d6 6.Nc3 g6 7.e4 Bg7 8.Be2 O-O
9.O-O Re8 10.Nd2 Na6 11.h3 Rb8 12.Re1 Nc7 13.a4 a6 14.a5 Bd7 15.Bf1 Nb5
16.Nxb5 Bxb5 17.Ra3 Re7 18.g3 Bxf1 19.Kxf1 Qe8 20.Nc4 Rxe4 21.Nxd6 Rxe1+
22.Qxe1 Qxe1+ 23.Kxe1 Nxd5 24.Rb3 b5 25.axb6 Rxb6 26.Rxb6 Nxb6 {#d} 1/2-1/2

[Event "Ch City (open)"]
[Site "masterchessopen.com - Munich (Germany)"]
[Date "2011.09.24"]
[Round "8"]
[White "Lentrodt Thomas (GER)"]
[Black "Lammers Markus (GER)"]
[Result "1/2-1/2"]
[WhiteElo "2307"]
[BlackElo "2397"]

1.d4 Nf6 2.c4 e6 3.Nc3 c5 4.d5 exd5 5.cxd5 d6 6.e4 g6 7.Be2 Bg7 8.Nf3 O-O
9.O-O Re8 10.Nd2 Na6 11.Re1 Nc7 12.a4 b6 13.Bf1 Ng4 14.Nf3 Ne5 15.h3 f5 16.Bf4
Nxf3+ 17.Qxf3 g5 18.Bd2 f4 19.e5 Bxe5 20.Bd3 Qf6 21.Qh5 Qg7 22.a5 Bd7 23.Ne4
Bf5 24.Bc3 Bxc3 25.bxc3 c4 26.Bc2 b5 27.Re2 Re5 28.Nxd6 Bg6 29.Bxg6 hxg6
30.Qg4 Rd8 31.Ne4 Qe7 32.d6 Rxd6 33.Nxd6 Rxe2 34.Nc8 Qe6 35.Qxg5 Nd5 36.Nxa7
Nxc3 37.Nxb5 Re1+ 38.Rxe1 Qxe1+ 39.Kh2 Ne2 40.Qxg6+ Kf8 41.Qf6+ Kg8 42.Qg5+
Kf7 {#d} 1/2-1/2

[Event "Czech League 2011/12 (2nd) (c)"]
[Site "masterchessopen.com - Czech Republic"]
[Date "2012.03.04"]
[Round "9"]
[White "Braun Marek (CZE)"]
[Black "Kraus Tomas (CZE)"]
[Result "0-1"]
[WhiteElo "2129"]
[BlackElo "2197"]

1.d4 Nf6 2.c4 c5 3.d5 e6 4.Nc3 exd5 5.cxd5 d6 6.Nf3 g6 7.Nd2 Bg7 8.e4 O-O
9.Be2 Re8 10.O-O Na6 11.a4 Nb4 12.a5 a6 13.Qb3 Rb8 14.Ra4 Bg4 15.f3 Bd7
16.Rxb4 cxb4 17.Qxb4 Nh5 18.Nc4 Bd4+ 19.Be3 Bxe3+ 20.Nxe3 Nf4 21.Qxd6 Nxe2+
22.Nxe2 Bb5 23.Qxd8 Rbxd8 24.Kf2 f5 25.Nc3 fxe4 26.Nxe4 Bxf1 27.Nxf1 Kg7
28.Ne3 Re5 29.Nc3 Rc8 30.f4 Re7 31.Kf3 Rc5 32.Ke2 Rxa5 33.Kd3 b5 34.Nc2 Rd7
35.b4 Ra4 36.Kd4 Rc7 37.Nxa4 bxa4 38.Na3 Rc1 39.b5 axb5 40.Nxb5 Kf6 41.g4 Rb1
42.Nc3 Rb2 43.Ne4+ Ke7 44.Kc3 a3 45.Nd2 Rxd2 {#R} 0-1

[Event "Ch Sri Lanka (w)"]
[Site "masterchessopen.com - Colombo (Sri Lanka)"]
[Date "2012.03.25"]
[Round "6"]
[White "Premanath Dinushki"]
[Black "Basnayake I U"]
[Result "1/2-1/2"]
[WhiteElo "1882"]
[BlackElo "1799"]

1.d4 Nf6 2.c4 c5 3.d5 e6 4.Nc3 exd5 5.cxd5 d6 6.e4 g6 7.Nf3 Bg7 8.Be2 O-O
9.O-O Re8 10.Nd2 Na6 11.Kh1 Nc7 12.a4 b6 13.Bd3 Rb8 14.Nc4 Ba6 15.Na3 Ng4
16.Bf4 Bxd3 17.Qxd3 Ne5 18.Bxe5 Bxe5 19.f4 Bg7 20.Rae1 a6 21.Nc4 Na8 22.e5
dxe5 23.fxe5 Nc7 24.Qf3 Rf8 25.d6 Ne6 26.Nd5 Kh8 27.Qg4 b5 28.axb5 axb5 29.Nd2
Qg5 30.Qxg5 Nxg5 31.Nf3 Ne6 32.h3 h6 33.Nd2 Nd4 34.Re4 Nc6 35.Nf6 Bxf6 36.Rxf6
Kg7 37.Rf1 Nd4 38.Rc1 Ne6 39.Rce1 Nd4 40.Nf3 Ne6 41.Kg1 Ra8 42.Rd1 Rfd8 43.Ne1
Ra2 44.Rd2 Ra6 45.Rf2 Ra7 46.Nc2 Ng5 47.Re1 Re8 48.Rd2 Rd7 49.Na3 Rb7 50.Kf2
Ne6 51.Nc2 Ra7 52.Ne3 Rd8 53.Nd5 Ra5 54.Kf1 Ra7 55.Kf2 Ra5 56.Ne7 Ra6 57.Nd5
Ra5 58.b4 Ra4 59.bxc5 Nxc5 60.Kg1 b4 61.Rb1 b3 62.Re2 Rd4 63.Ne7 Ra8 64.Nc6
Rd3 65.Nb4 Rd4 66.Nc6 Rd3 67.Nb4 Rd4 68.Nc6 Rd3 69.Nb4 Rd4 70.Nc6 {#d} 1/2-1/2

[Event "Cup Limpedea (cat.11)"]
[Site "masterchessopen.com - Baia Sprie (Romania)"]
[Date "2012.05.26"]
[Round "6"]
[White "Manolache Marius (ROM)"]
[Black "Chirila Ioan Cristian (ROM)"]
[Result "1/2-1/2"]
[WhiteElo "2561"]
[BlackElo "2539"]

1.d4 Nf6 2.Nf3 e6 3.c4 c5 4.d5 exd5 5.cxd5 g6 6.Nc3 d6 7.e4 Bg7 8.Be2 O-O
9.O-O Re8 10.Nd2 Na6 11.Re1 Nc7 12.a4 a6 13.Bf3 Rb8 14.Nc4 b5 15.Na5 Bd7
16.axb5 axb5 17.Nc6 Bxc6 18.dxc6 b4 19.Nd5 Nfxd5 20.exd5 c4 21.Rxe8+ Qxe8
22.Qe2 c3 23.b3 Nxd5 24.Kf1 Ne7 25.c7 Rc8 26.Bb7 c2 27.Bxc8 Bxa1 28.Bb7 Qd7
29.Qxc2 Bc3 30.Qe2 Qxc7 31.Ba6 Qa5 32.g3 Nf5 33.Kg2 Qd5+ 34.Kh3 Qxb3 35.Bc4
Qa4 36.g4 Ng7 37.Qe7 Qe8 38.Qxd6 Ne6 39.Be3 Kg7 40.Kg2 Qa8+ 41.Bd5 Qd8 42.Qxd8
Nxd8 43.Kf3 Ne6 44.Ke4 Kf6 45.f4 Ng7 46.Bc5 Ne6 47.Be3 Nc7 48.Bc4 Ne8 49.Bc5
Kg7 50.Be7 Nf6+ 51.Bxf6+ {#d} 1/2-1/2

[Event "Ch Bulgaria (open) (w)"]
[Site "masterchessopen.com - Vratsa (Bulgaria)"]
[Date "2012.07.26"]
[Round "5"]
[White "Jordanova Svetla (BUL)"]
[Black "Milutinovic Stefana (SRB)"]
[Result "1-0"]
[WhiteElo "2207"]
[BlackElo "1896"]

1.d4 Nf6 2.c4 c5 3.d5 g6 4.Nc3 d6 5.e4 Bg7 6.Be2 O-O 7.Nf3 e6 8.O-O Re8 9.Nd2
exd5 10.cxd5 Na6 11.Re1 Nc7 12.a4 Rb8 13.Qc2 a6 14.a5 Bd7 15.Nc4 Bb5 16.Bd2
Bxc4 17.Bxc4 Qd7 18.Na4 Nb5 19.Nb6 Qc7 20.Qd3 Nd4 21.Rac1 Nd7 22.Nxd7 Qxd7
23.b4 cxb4 24.Bxb4 Rbc8 25.Bc3 Nb5 26.Bxg7 Kxg7 27.f3 Rc5 28.Bxb5 Rxb5 29.Rc4
Kg8 30.Rec1 Rxa5 31.Qc3 Rc5 32.Rxc5 dxc5 33.Qxc5 Rd8 34.Kf2 Qd6 35.Qxd6 Rxd6
36.Rc7 b5 37.Rb7 Kf8 38.Ke3 Ke8 39.Kd4 Rd7 40.Rb6 Ra7 41.Kc5 Rc7+ 42.Kd6 Rd7+
43.Kc6 Ke7 44.Rxa6 b4 45.Ra4 b3 46.Rb4 Rd8 47.Rb7+ Ke8 48.Rxb3 Rc8+ 49.Kd6
Rd8+ 50.Kc7 Rd7+ 51.Kc6 Rd8 52.Rb7 h5 53.d6 Rc8+ 54.Rc7 Rd8 55.e5 Ra8 56.Re7+
Kf8 57.Rb7 Ke8 58.Kc7 Rd8 59.Rb8 Rxb8 60.Kxb8 {#r} 1-0

[Event "Tournament (open)"]
[Site "masterchessopen.com - Sao Bernardo (Brazil)"]
[Date "2012.09.15"]
[Round "4"]
[White "Batista Renato Luiz (BRA)"]
[Black "Rodriques Edgar (BRA)"]
[Result "1/2-1/2"]
[WhiteElo "2148"]
[BlackElo "2194"]

1.d4 Nf6 2.c4 c5 3.d5 e6 4.Nc3 exd5 5.cxd5 d6 6.e4 g6 7.Be2 Bg7 8.Nf3 O-O
9.O-O Re8 10.Nd2 Na6 11.Re1 Nc7 12.a4 Rb8 13.Bf1 a6 14.a5 b5 15.axb6 Rxb6
16.Nc4 Rb4 17.Bf4 Ng4 18.Nxd6 Nxf2 19.Qf3 Bd4 20.Be3 Nh3+ 21.gxh3 Qxd6 22.Bxd4
cxd4 23.e5 Rxe5 24.Ne4 Rxe4 25.Qxe4 Bb7 26.Qe5 Qb6 27.Bg2 Rxb2 28.Qg5 d3+
29.Kh1 h6 30.Qxh6 Qf2 31.Rg1 Bxd5 32.Qg5 Re2 33.Qg3 d2 34.Bxd5 Nxd5 35.Qxf2
Rxf2 36.Rxa6 Ne3 37.Rd6 Nf1 38.Rg4 Nxh2 39.Rg2 Rf1+ 40.Rg1 Rf2 41.Rg2 {#d}
1/2-1/2